[Event "URS-chT"]
[Site "Riga"]
[Date "1975.??.??"]
[Round "?"]
[White "Dvorietzky, Mark I"]
[Black "Ubilava, Elizbar"]
[Result "1/2-1/2"]
[WhiteElo "2495"]
[BlackElo "2390"]

1.e4 c5 2.c3 Nf6 3.e5 Nd5 4.d4 cxd4 5.Nf3 e6 6.cxd4 d6 7.a3 Bd7 8.Bd3 Bc6
9.O-O Nd7 10.Nbd2 dxe5 11.dxe5 Be7 12.Re1 Nf4 13.Be4 Bxe4 14.Nxe4 Nd5 15.Bg5 O-O
16.Bxe7 Qxe7 17.Rc1 Rfc8 18.Qd4 b6 19.Nd6 Rxc1 20.Rxc1 Nc5 21.Nd2 Rd8 22.b4 Nb7
23.Nc8 Qg5 24.h4 Qh6 25.f3 Kf8 26.Rc2 Ne7 27.Nd6 Nxd6 28.exd6 Nf5 29.Qc3 Nxd6
30.Qc7 Qf6 31.Qxa7 Qd4+ 32.Kf1  1/2-1/2

[Event "Stary Smokovec"]
[Site "Stary Smokovec"]
[Date "1975.??.??"]
[Round "4"]
[White "Knezevic, Milorad"]
[Black "Liebert, Heinz"]
[Result "1/2-1/2"]
[WhiteElo "2425"]
[BlackElo "2450"]

1.e4 c5 2.c3 Nf6 3.e5 Nd5 4.d4 cxd4 5.cxd4 d6 6.Nf3 Nc6 7.Nc3 dxe5 8.dxe5 Be6
9.Ng5 Nxc3 10.Qxd8+ Rxd8 11.bxc3 Bf5 12.e6 fxe6 13.Bc4 g6 14.Bb2 Rd6 15.Ba3 Bg7
16.Rc1 Rd7 17.O-O  1/2-1/2

[Event "SWE-ch"]
[Site "?"]
[Date "1975.??.??"]
[Round "?"]
[White "Jansson, Borje"]
[Black "Uddenfeldt, Dan"]
[Result "1/2-1/2"]
[WhiteElo "2380"]
[BlackElo "2280"]

1.e4 c5 2.c3 Nf6 3.e5 Nd5 4.d4 cxd4 5.cxd4 d6 6.Nf3 Nc6 7.exd6 Qxd6 8.Nc3 Bf5
9.Bc4 e6 10.O-O Be7 11.Re1 O-O 12.Bxd5 exd5 13.Ne5 Be6 14.Bf4 Nxe5 15.Bxe5 Qd7
16.Qf3 Rfe8 17.Qg3 f6 18.Bf4 Bf8 19.Qd3 a6 20.a3 Rac8 21.Re3 Bf5 22.Qe2 Rxe3
23.Bxe3 Bg6 24.Qf3 Bf7 25.Rc1 Rc4 26.Qd1 Bd6 27.Qd2 Qc7 28.h3 b5 29.Ne2 a5
30.b3 Rxc1+ 31.Qxc1 Qxc1+ 32.Bxc1 b4 33.axb4 Bxb4 34.Bb2 Bg6 35.Nc3 Bc2 36.Nxd5 Bd2
37.Ne3 Bxb3 38.Kf1 Bb4 39.Ke2 Kf7 40.Kd3 Ke6  1/2-1/2

[Event "Vilnius zt"]
[Site "Vilnius"]
[Date "1975.??.??"]
[Round "11"]
[White "Dvorietzky, Mark I"]
[Black "Taimanov, Mark E"]
[Result "1/2-1/2"]
[WhiteElo "2495"]
[BlackElo "2580"]

1.e4 c5 2.c3 Nf6 3.e5 Nd5 4.d4 cxd4 5.Nf3 Nc6 6.cxd4 d6 7.Bc4 e6 8.O-O Be7
9.Qe2 O-O 10.Qe4 b6 11.Bd3 g6 12.Bh6 Re8 13.Nbd2 Ndb4 14.Bb1 Ba6 15.Rd1 dxe5
16.dxe5 Qd5 17.a3 Nd3 18.Bxd3 Bxd3 19.Qxd5 exd5 20.Rac1 Bb5 21.Nb3 Ba4 22.Rd3 Bxb3
23.Rxb3 Bc5 24.Be3 Nxe5 25.Bxc5 bxc5 26.Rxc5 Rac8 27.Rbc3 Rxc5 28.Rxc5 Nd3
29.Rxd5  1/2-1/2

[Event "Capablanca mem-B 13th"]
[Site "Cienfuegos"]
[Date "1976.05.19"]
[Round "3"]
[White "Perez Perez, Francisco Jose"]
[Black "Hernandez, Jose de Jesus"]
[Result "1/2-1/2"]
[WhiteElo "2325"]
[BlackElo "2300"]

1.e4 c5 2.c3 Nf6 3.e5 Nd5 4.d4 cxd4 5.Qxd4 e6 6.Bc4 Nc6 7.Qe4 d6 8.Nf3 dxe5
9.Nxe5 Nxe5 10.Qxe5 Nb6 11.Be2 Qd6 12.Qg3 Qxg3  1/2-1/2

[Event "Banja Luka"]
[Site "Banja Luka"]
[Date "1976.??.??"]
[Round "9"]
[White "Mihaljcisin, Mihajlo"]
[Black "Lakic, Nikola"]
[Result "0-1"]
[WhiteElo "2325"]
[BlackElo "2380"]

1.e4 c5 2.c3 Nf6 3.e5 Nd5 4.d4 cxd4 5.Nf3 Nc6 6.cxd4 d6 7.Bc4 e6 8.O-O Be7
9.Qe2 O-O 10.a3 b6 11.Qe4 Bb7 12.Bd3 g6 13.Bh6 Re8 14.Nbd2 Qd7 15.Rfe1 Nd8
16.Qe2 f5 17.exf6 Bxf6 18.Rac1 a6 19.Ne4 Bg7 20.Qd2 Rf8 21.Bxg7 Kxg7 22.Ng3 Nf7
23.h4 Rae8 24.h5 gxh5 25.Nxh5+ Kh8 26.Be4 Qe7 27.g3 Rg8 28.Nf4 Nf6 29.Bxb7 Qxb7
30.Qd3 e5 31.Qf5 Ng4 32.Nh5 Nfh6 33.Qe4 d5 34.Qc2 Qf7 35.dxe5 Qxf3 36.Rcd1 Rc8
37.Qd2 Nf5 38.e6 Rg5 39.Nf4 Nxg3 40.fxg3 Qxg3+  0-1

[Event "North Sea"]
[Site "Esbjerg"]
[Date "1976.??.??"]
[Round "9"]
[White "Krantz, Kjell"]
[Black "Kunsztowicz, Uwe"]
[Result "0-1"]
[WhiteElo "2265"]
[BlackElo "2415"]

1.e4 c5 2.c3 Nf6 3.e5 Nd5 4.d4 cxd4 5.Nf3 Nc6 6.cxd4 d6 7.Bc4 Nb6 8.Bb5 Bd7
9.Nc3 e6 10.O-O Nb4 11.Bg5 Be7 12.Ne4 Nc8 13.Bxd7+ Qxd7 14.Qb3 Bxg5 15.Nfxg5 Nd5
16.Rac1 O-O 17.Nxh7 Kxh7 18.Qh3+ Kg8 19.Ng5 Rd8 20.Qh7+ Kf8 21.Qh8+ Ke7 22.Qxg7 Qe8
23.Rfe1 Qf8 24.Qh7 Ke8 25.Qh5 Ke7 26.Qh4 Ke8 27.Nh7 Qg8 28.Rc7 Rd7 29.Rec1 Rxc7
30.Rxc7 Qg6 31.Rc1 Nce7 32.exd6 Nf5 33.Qh3 Nxd4 34.Qa3 Qxh7 35.Qa4+ Kd8 36.Qxd4 Rc8
37.Rxc8+ Kxc8 38.h4 Kd7 39.a4 Kxd6 40.Qxa7 Qb1+ 41.Kh2 Qxb2 42.a5 Qb5 43.Qa8 Ke7
44.Qb8 Qc6 45.g3 Nf6 46.Qf4 Qe4 47.Qc7+ Kf8 48.Qc8+ Kg7 49.Qc1 Qf5 50.Qd2 Ne4
51.Qb2+ Qf6  0-1

[Event "DDR-ch 25th"]
[Site "Groeditz"]
[Date "1976.??.??"]
[Round "3"]
[White "Babrikowski, Peter"]
[Black "Liebert, Heinz"]
[Result "0-1"]
[WhiteElo "2285"]
[BlackElo "2420"]

1.e4 c5 2.c3 Nf6 3.e5 Nd5 4.d4 cxd4 5.cxd4 d6 6.Nf3 Nc6 7.Nc3 dxe5 8.dxe5 Be6
9.Nxd5 Bxd5 10.Bd3 g6 11.Bd2 Bg7 12.Bc3 O-O 13.O-O Bxf3 14.Qxf3 Bxe5 15.Be4 Bxc3
16.Qxc3 Qd4 17.Qxd4 Nxd4 18.Rfd1 Rfd8 19.Kf1 Rd7 20.Rd2 Rad8 21.Rad1 b6 22.f4 Rd6
23.Rc1 Ne6 24.Rxd6 Rxd6 25.g3 Nc5 26.Bc2 Rd2 27.b4 Ne6 28.Bb3 Nd4 29.Rc7 Nxb3
30.axb3 Rxh2 31.Rxa7 Rb2 32.Rb7 Rxb3 33.Rxb6 Rxg3 34.Kf2 Rb3 35.b5 Kg7 36.Rb8 Kf6
37.b6 Kf5 38.b7 f6  0-1

[Event "Stary Smokovec"]
[Site "Stary Smokovec"]
[Date "1976.??.??"]
[Round "5"]
[White "Novak, Ivan"]
[Black "Kozlov, V."]
[Result "1/2-1/2"]
[WhiteElo "2345"]
[BlackElo "2445"]

1.e4 c5 2.c3 Nf6 3.e5 Nd5 4.d4 cxd4 5.Nf3 Nc6 6.cxd4 d6 7.Bc4 Nb6 8.Bb5 d5
9.Be3 Bf5 10.O-O e6 11.Nc3 Be7 12.Rc1 O-O 13.Na4 Nxa4 14.Qxa4 Qb6 15.Bxc6 bxc6
16.Rxc6 Qxb2 17.Rc7 Qa3 18.Qxa3 Bxa3 19.Bc1 Bb4 20.Bd2 a5 21.Ra1 Rfb8 22.Kf1 h6
23.Ke2 Bf8 24.Ne1 a4 25.Nd3 a3 26.Rac1 Bg6 27.f3 Kh7 28.R1c2 Rb1 29.Bc1 Ra4
30.Ke3 Bb4 31.Bd2 Bxd2+ 32.Rxd2 Rc4 33.Rc5 f6 34.f4 h5 35.g3 Bf5 36.exf6 gxf6
37.Rc2 Bxd3 38.Kxd3 Rd1+ 39.Ke3 Rcxd4 40.Ra5 Re4+ 41.Kf2 Rd3 42.f5 exf5 43.Rc6 Rd2+
44.Kf3 Rd3+ 45.Kf2 Rd2+ 46.Kf3 Ree2 47.Rxd5 Rf2+ 48.Ke3 Rde2+ 49.Kd4 Kg6
50.Ra5 Rd2+ 51.Ke3 f4+ 52.gxf4 Rde2+ 53.Kd3 Rxa2 54.Rg5+ Kf7 55.Rc7+ Ke6
56.Rc6+ Kd7 57.Rxf6 Rad2+ 58.Ke3 Rde2+ 59.Kd3 Rxh2 60.Ra5 Ke7 61.Rh6  1/2-1/2

[Event "Stary Smokovec"]
[Site "Stary Smokovec"]
[Date "1976.??.??"]
[Round "6"]
[White "Gliksman, Darko"]
[Black "Moehring, Guenther"]
[Result "1-0"]
[WhiteElo "2355"]
[BlackElo "2380"]

1.e4 c5 2.c3 Nf6 3.e5 Nd5 4.d4 cxd4 5.cxd4 d6 6.Nf3 Nc6 7.Bc4 e6 8.Qe2 Be7
9.O-O Nb6 10.Bb3 d5 11.Nc3 Bd7 12.Qe3 a5 13.Qf4 a4 14.Bd1 Na5 15.Qg3 Kf8
16.Bg5 Nac4 17.Bxe7+ Qxe7 18.Rb1 g6 19.Ne2 a3 20.b3 Nb2 21.Nf4 Bb5 22.Be2 Bxe2
23.Nxe2 Nd3 24.Rbd1 Nb4 25.Rd2 Rc8 26.h4 h5 27.Ng5 Kg7 28.Nf4 Rc6 29.Re1 Rh6
30.Kh2 Rc8 31.Re3 Nc6 32.Rc3 Nd8 33.Rxc8 Nxc8 34.Qc3 Nc6 35.Qf3 N8a7 36.Qd3 Nb4
37.Qc3 Nac6 38.Re2 Rh8 39.Rd2 Nd8 40.Qg3 Rh6 41.Qc3 Rh8 42.Re2 Ndc6 43.Qd2 Ra8
44.Re3 Rh8 45.Ne2 Nd8 46.Rf3 Nbc6 47.Rf6 Qb4 48.Qf4 Rf8 49.Nf3 Ne7 50.Ng3 Rh8
51.Ng5 Nf5 52.Nxf5+ exf5 53.Rd6 Re8 54.Rxd5 Ne6 55.Nxe6+ Rxe6 56.Rd7 Rc6
57.Qf3 Qd2 58.Qe3 Qxe3 59.fxe3 Kf8 60.Rxb7 Rc2 61.Ra7 Rxa2 62.Kg3 Ke8 63.Kf3 Ra1
64.Kf4 a2 65.Kg5 Rb1 66.Rxa2 Rxb3 67.d5 Rb5 68.Kf6 Rxd5 69.Ra8+ Kd7 70.Ra7+ Kc6
71.Rxf7 Rd3 72.Kxg6 Rxe3 73.Rxf5 Re2 74.Rg5  1-0

[Event "Stary Smokovec"]
[Site "Stary Smokovec"]
[Date "1976.??.??"]
[Round "9"]
[White "Novak, Ivan"]
[Black "Szilagyi, Gyorgy"]
[Result "1/2-1/2"]
[WhiteElo "2345"]
[BlackElo "2380"]

1.e4 c5 2.c3 Nf6 3.e5 Nd5 4.d4 cxd4 5.cxd4 d6 6.Nf3 Nc6 7.Bc4 e6 8.O-O Be7
9.Qe2 O-O 10.Nc3 Nb6 11.Bd3 d5 12.h4 f5 13.exf6 gxf6 14.Bh6 Rf7 15.Rad1 Bf8
16.Qe3 Nb4 17.Rfe1 Bd7 18.Bxf8 Nxd3  1/2-1/2

[Event "Stary Smokovec"]
[Site "Stary Smokovec"]
[Date "1976.??.??"]
[Round "11"]
[White "Novak, Ivan"]
[Black "Moehring, Guenther"]
[Result "1-0"]
[WhiteElo "2345"]
[BlackElo "2380"]

1.e4 c5 2.c3 Nf6 3.e5 Nd5 4.d4 cxd4 5.Nf3 Nc6 6.cxd4 d6 7.Bc4 dxe5 8.Bxd5 Qxd5
9.Nc3 Qd6 10.d5 Nd4 11.Nxd4 exd4 12.Qxd4 e5 13.Qe3 Be7 14.O-O O-O 15.Nb5 Qc5
16.Qxc5 Bxc5 17.Be3 Bxe3 18.fxe3 Rd8 19.Rac1 a6 20.Rc7 axb5 21.Rfxf7 Kh8
22.e4 Rg8 23.Rfe7 Rxa2 24.d6 Rxb2 25.d7 Bxd7 26.Rcxd7 h6 27.h3 b6 28.Rb7 b4
29.Rxb6 b3 30.Rbb7 Rb1+ 31.Kh2 b2 32.Rxe5 Rc8 33.Ree7 Rcc1 34.Rxg7 Rh1+ 35.Kg3 Rxh3+
36.Kxh3 Rh1+ 37.Kg3 b1=Q 38.Rh7+ Kg8 39.Rxb1 Rxb1 40.Rxh6 Kg7 41.Ra6 Rf1
42.Kg4 Rf2 43.g3  1-0

[Event "Birmingham"]
[Site "Birmingham"]
[Date "1977.??.??"]
[Round "5"]
[White "Corden, Martyn J"]
[Black "Gasic, Bozidar"]
[Result "0-1"]
[WhiteElo "2300"]
[BlackElo "2335"]

1.e4 c5 2.c3 Nf6 3.e5 Nd5 4.d4 cxd4 5.cxd4 d6 6.Nf3 Nc6 7.Bc4 e6 8.O-O Nb6
9.Bb5 a6 10.Bxc6+ bxc6 11.Bg5 f6 12.exf6 gxf6 13.Bd2 Nd5 14.Nh4 Qd7 15.Re1 Qf7
16.Qf3 Be7 17.Nc3 f5 18.Nxd5 cxd5 19.Rac1 Rg8 20.Bf4 Bd7 21.Bxd6 Bxh4 22.Qxd5 Rd8
23.Rc7 Be7 24.Rxd7 Rxd7 25.Rxe6 Qxe6 26.Qxe6 Rg6 27.Qxf5 Rdxd6 28.d5 h6 29.g3 Rg5
30.Qc8+ Kf7 31.f4 Rgxd5 32.Qh8 Rd2 33.Qh7+ Ke8 34.Qg8+ Kd7 35.Qg4+ Kc7 36.f5 Bg5
37.Qc4+ Rc6 38.Qf7+ Kb6 39.Qb3+ Kc7 40.Qf7+ Rd7 41.Qb3 Rd2 42.Qf7+ Kb6 43.Qb3+ Kc5  0-1

[Event "Birmingham"]
[Site "Birmingham"]
[Date "1977.??.??"]
[Round "8"]
[White "Corden, Martyn J"]
[Black "Damjanovic, Mato"]
[Result "1/2-1/2"]
[WhiteElo "2300"]
[BlackElo "2430"]

1.e4 c5 2.c3 Nf6 3.e5 Nd5 4.d4 cxd4 5.cxd4 d6 6.Nf3 Nc6 7.Bc4 e6 8.O-O Nb6
9.Bd3 Nb4 10.Be2 h6 11.Bd2 Nc6 12.Nc3 a6 13.Qc2 d5 14.Rac1 Bd7 15.Be3 Rc8
16.Qd1 Ne7 17.Bd3 Nc4 18.Qe2 g6 19.Nd2 b5 20.a4 Nf5 21.axb5 axb5 22.Nxb5 Nxb2
23.Bxf5 gxf5 24.Rxc8 Qxc8 25.Ra1 Qc6 26.Ra8+ Bc8 27.Rb8 Kd7 28.Na7 Ba6 29.Nxc6 Bxe2
30.Na5 Nd3 31.Ndb3 f4 32.Bd2 Bg7 33.Rb7+ Ke8 34.Nc6 Bd1 35.Nc5 Nxc5 36.dxc5 Ba4
37.Re7+ Kf8 38.Rc7 Bxc6 39.Rxc6 Bxe5 40.Ra6 Kg7 41.c6 Rb8 42.Kf1 Rb2 43.Bc3 Rb1+
44.Ke2 d4 45.c7 Bxc7 46.Bxd4+ Kg6 47.Rc6 Rb7 48.Kf3 Kf5 49.g4+ Kg6 50.h3 h5
51.Rc5 hxg4+ 52.hxg4 f6 53.Bc3 e5 54.Rc6 Kg5 55.Ke4 Bb6 56.f3 Bf2 57.Rc8 Kg6
58.Rg8+ Kh7 59.Rc8 Kg6 60.Rg8+ Kf7 61.Rc8 Rb6 62.Kf5 Bh4 63.Rc7+ Kf8 64.Ba5 Rb5
65.Bc3 Rb6 66.Ba5  1/2-1/2

[Event "Tungsram"]
[Site "Budapest"]
[Date "1977.??.??"]
[Round "?"]
[White "Castro Rojas, Oscar Humberto"]
[Black "Spassov, Liuben"]
[Result "1-0"]
[WhiteElo "2410"]
[BlackElo "2480"]

1.e4 c5 2.c3 Nf6 3.e5 Nd5 4.Nf3 d6 5.d4 cxd4 6.Qxd4 e6 7.exd6 Qxd6 8.Na3 Nc6
9.Qe4 Qd8 10.Nc4 Nf6 11.Qc2 Qc7 12.Bg5 b5 13.Ne3 a6 14.Bd3 h6 15.Bh4 Be7
16.O-O O-O 17.a4 Rb8 18.Qe2 Qb6 19.axb5 axb5 20.Bg3 Rb7 21.h3 Rd8 22.Bf4 Bd7
23.Rfd1 Be8 24.Ng4 Nh7 25.Nfe5 Nxe5 26.Bxe5 Nf8 27.Bd4 Qc7 28.Ra6 h5 29.Nh2 g6
30.Qe3 Nh7 31.Bb6 Qc6 32.Nf3 Bf6 33.Rd2 Rdb8 34.Be4 Qc8 35.Ba7 Ra8 36.Bxb7 Qxb7
37.Ra3 Bc6 38.Bc5 Ra4 39.Rd6 Nf8 40.Rxa4 bxa4 41.Qf4 Nh7 42.Bd4 Be7 43.Qh6 Nf6
44.Rxe6 Bf8 45.Qg5 Nh7 46.Qe5 f6 47.Rxf6 Nxf6 48.Qxf6 a3 49.Qxg6+ Bg7 50.bxa3  1-0

[Event "CSR-ch int"]
[Site "Decin"]
[Date "1977.??.??"]
[Round "2"]
[White "Sikora Lerch, Jan"]
[Black "Hort, Vlastimil"]
[Result "1/2-1/2"]
[WhiteElo "2410"]
[BlackElo "2620"]

1.e4 c5 2.c3 Nf6 3.e5 Nd5 4.d4 Nc6 5.dxc5 e6 6.Nf3 Bxc5 7.Nbd2 f5 8.Nb3 Be7
9.Bc4 Nb6 10.Bb5 Qc7 11.Qe2 O-O 12.O-O a6 13.Bxc6 bxc6 14.Bg5 Bxg5 15.Nxg5 c5
16.f4 h6 17.Nf3 a5 18.c4 a4 19.Nbd2 Ba6 20.Rad1 Rab8 21.g3 Rfd8 22.b3 Nd5
23.Qf2 Nb4 24.Nb1 Nc6 25.Qxc5 axb3 26.axb3 Rxb3 27.Nd4 Rbb8 28.Nc3 Qb6 29.Qxb6 Rxb6
30.c5 Rbb8 31.Nxc6 dxc6 32.Rxd8+ Rxd8 33.Rd1 Rxd1+ 34.Nxd1 g5 35.Ne3 Bd3
36.Kf2 Kf7 37.Ke1 Kg6 38.Kd2 Bb5 39.Nd1  1/2-1/2

[Event "CSR-ch int"]
[Site "Decin"]
[Date "1977.??.??"]
[Round "13"]
[White "Sikora Lerch, Jan"]
[Black "Fernandez, Juan C"]
[Result "1-0"]
[WhiteElo "2410"]
[BlackElo "2420"]

1.e4 c5 2.c3 Nf6 3.e5 Nd5 4.d4 cxd4 5.cxd4 d6 6.Nf3 Nc6 7.Bc4 e6 8.Qe2 Be7
9.O-O O-O 10.Nc3 Nxc3 11.bxc3 dxe5 12.dxe5 b6 13.Bd3 Bb7 14.Qe4 g6 15.Bh6 Re8
16.Rad1 Qc7 17.Qf4 Rad8 18.Rfe1 Rd5 19.c4 Rc5 20.h4 Nb4 21.Ng5 Bf8 22.Bxf8 Rxf8
23.h5 Nxd3 24.Rxd3 h6 25.Qf6 Rxc4 26.hxg6 hxg5 27.gxf7+ Qxf7 28.Qxg5+  1-0

[Event "DDR-ch 26th"]
[Site "Frankfurt/Oder"]
[Date "1977.??.??"]
[Round "1"]
[White "Braun, Gottfried"]
[Black "Schurade, Matthias"]
[Result "1-0"]
[WhiteElo "2340"]
[BlackElo "2195"]

1.e4 c5 2.c3 Nf6 3.e5 Nd5 4.d4 cxd4 5.Nf3 Nc6 6.cxd4 d6 7.Bc4 e6 8.O-O Be7
9.Qe2 O-O 10.Nc3 Nxc3 11.bxc3 b6 12.Bd3 Bb7 13.Qe4 g6 14.Bh6 Re8 15.Rad1 Qc7
16.Qf4 dxe5 17.dxe5 Rad8 18.h4 Rd5 19.Rfe1 Red8 20.Bc2 Nb4 21.Ng5 Bxg5 22.hxg5 Rxd1
23.Rxd1 Rxd1+ 24.Bxd1 Nd5 25.Qa4 Bc6 26.Qc4 Qd7 27.Be2 Bb7 28.Qd4 Qc7 29.c4 Ne7
30.Qd6 Qxd6 31.exd6 Nc6 32.Bf3 Nd8 33.Bxb7 Nxb7 34.d7 Nd8 35.Kf1 e5 36.Ke2 f5
37.gxf6 Kf7 38.Bg5 h6 39.Bxh6 Ke6 40.Kd3 Kxd7 41.Ke4 Ke6 42.Be3 Nb7 43.g4 Nd6+
44.Kd3 Kxf6 45.c5 bxc5 46.Bxc5 Nc8 47.Kc4 Ke6 48.Be3 Kd6 49.Kb5 Kd5 50.Ka6 Ke4
51.g5 Nb6 52.Bxb6 axb6 53.Kxb6 Kf3 54.Kc5  1-0

[Event "DDR-ch 26th"]
[Site "Frankfurt/Oder"]
[Date "1977.??.??"]
[Round "9"]
[White "Espig, Thomas"]
[Black "Dietze, Wolfgang"]
[Result "1/2-1/2"]
[WhiteElo "2320"]
[BlackElo "2360"]

1.e4 c5 2.c3 Nf6 3.e5 Nd5 4.d4 cxd4 5.cxd4 d6 6.exd6 Qxd6 7.Nc3 g6 8.Qf3 Nxc3
9.bxc3 Bg7 10.Bb5+ Bd7 11.Qxb7 O-O 12.Ne2 Nc6 13.Bf4 Qe6 14.Rd1 Rab8 15.Bxb8 Rxb8
16.Qa6 Qd5 17.Bd3 Qxg2 18.Rg1 Qxh2 19.Rb1 Rxb1+ 20.Bxb1 Qd6 21.Be4 Qe6 22.Bd3 Bf6
23.Qc4 Qd6 24.Be4 Kg7 25.Ng3 Kf8 26.Qd5 Qc7 27.Ke2 Bg4+ 28.f3 Bd7 29.Qc5 Qb7
30.Rb1 Qa6+ 31.Kd1 Qxa2 32.Qd5 Qg2 33.Qxd7 Nxd4 34.cxd4 Qxg3 35.Qc8+ Kg7
36.Qc4 Qg1+ 37.Kc2 Qf2+ 38.Kd3 Bg5 39.Qc2 Qe3+ 40.Kc4 Bf6  1/2-1/2

[Event "DDR-ch 26th"]
[Site "Frankfurt/Oder"]
[Date "1977.??.??"]
[Round "10"]
[White "Moehring, Guenther"]
[Black "Baumbach, Friedrich"]
[Result "1/2-1/2"]
[WhiteElo "2400"]
[BlackElo "2395"]

1.e4 c5 2.c3 Nf6 3.e5 Nd5 4.d4 cxd4 5.Nf3 Nc6 6.cxd4 d6 7.Bc4 Nb6 8.Bb5 d5
9.O-O Bf5 10.Nh4 Bd7 11.Nc3 e6 12.Nf3 Be7 13.Bd3 a6 14.Qd2 f6 15.exf6 Bxf6
16.Ne2 Qe7 17.b3 e5 18.dxe5 Nxe5 19.Nxe5 Bxe5 20.Bb2 Bxb2 21.Qxb2 O-O 22.a4 Bf5
23.Bxf5 Rxf5 24.Nd4 Rf4 25.Rae1 Qf7 26.Ne6 Rf6 27.Nc5 Rc8 28.Nd3 Qc7 29.a5 Nd7
30.Re7 Rf7 31.Rxf7 Kxf7 32.b4 Qd6 33.Re1 Rc4 34.Qe2 Rc8 35.g3 Nf6 36.Qf3 Rc7
37.Nc5 Re7 38.Rd1 b6 39.axb6 Qxb6 40.Qa3 Ra7 41.Ra1 Ne4 42.Qf3+ Nf6 43.Ra4 Qb5
44.Qa3 Qe2 45.Qd3 Qxd3 46.Nxd3 Ne4 47.Ra5 Nc3 48.Nc5 d4 49.Kf1 Re7 50.Rxa6 Re2
51.Ra7+ Kg6 52.Rd7 Rd2 53.Ne6 Rd1+ 54.Kg2 Kf6 55.Nc5 h5 56.Kf3 g5 57.Ne4+ Nxe4
58.Kxe4 Rd2 59.Rd6+ Ke7 60.Rxd4 Rxf2 61.h4 gxh4 62.gxh4 Ke6 63.Kd3 Ke5 64.Rc4 Rf3+
65.Kc2 Kd6 66.Kb2 Re3 67.Ka2 Rf3 68.Kb1 Kd5 69.Rc5+ Kd6  1/2-1/2

[Event "DDR-ch 26th"]
[Site "Frankfurt/Oder"]
[Date "1977.??.??"]
[Round "11"]
[White "Braun, Gottfried"]
[Black "Moehring, Guenther"]
[Result "1/2-1/2"]
[WhiteElo "2340"]
[BlackElo "2400"]

1.e4 c5 2.c3 Nf6 3.e5 Nd5 4.d4 cxd4 5.Nf3 Nc6 6.cxd4 d6 7.Bc4 dxe5 8.Nxe5 e6
9.O-O Be7 10.Nxc6 bxc6 11.Nc3 O-O 12.Re1 Rb8 13.Qd3 Rb7 14.Bb3 Nb4 15.Qe4 Rd7
16.Be3 Bb7 17.Qg4 Ba6 18.Red1 Bd3 19.Rac1 Bf5 20.Qe2 Qa5 21.Qc4 Qa6 22.Qxa6 Nxa6
23.Ba4 Rb7 24.Bxc6 Rxb2 25.d5 Nb4 26.Bxa7 Nxa2 27.Nxa2 Rxa2 28.Be3 Ba3 29.Ra1 Rxa1
30.Rxa1 Rb8 31.Bd7 Kf8 32.g4 Rb1+ 33.Rxb1 Bxb1  1/2-1/2

[Event "Favorite"]
[Site "Hamburg"]
[Date "1977.??.??"]
[Round "7"]
[White "Rellstab, Ludwig Jr"]
[Black "Szilagyi, Gyorgy"]
[Result "0-1"]
[WhiteElo "2265"]
[BlackElo "2370"]

1.e4 c5 2.c3 Nf6 3.e5 Nd5 4.d4 cxd4 5.cxd4 Nc6 6.Nc3 Nxc3 7.bxc3 d5 8.Bd3 f5
9.exf6 exf6 10.Qh5+ g6 11.Bxg6+ hxg6 12.Qxh8 Qe7+ 13.Kd1 Bf5 14.Nf3 O-O-O
15.Re1 Qf7 16.Nh4 Bb4 17.Qh6 Bxc3 18.Nxf5 Bxa1 19.Ne3 Bxd4 20.Re2 Bb6 21.f4 Bc7
22.f5 d4 23.Ng4 gxf5 24.Qxf6 Qd7 25.Nh6 d3 26.Rf2 Nd4  0-1

[Event "Favorite"]
[Site "Hamburg"]
[Date "1977.??.??"]
[Round "8"]
[White "Padevsky, Nikola"]
[Black "Clemens, Christian"]
[Result "1-0"]
[WhiteElo "2480"]
[BlackElo "2350"]

1.e4 c5 2.c3 Nf6 3.e5 Nd5 4.d4 cxd4 5.Qxd4 Nc7 6.Nf3 Nc6 7.Qh4 d6 8.exd6 Qxd6
9.Bc4 e6 10.Nbd2 Be7 11.Ne4 Qd8 12.Qg3 O-O 13.Bh6 Ne8 14.O-O Qc7 15.Bf4 Qa5
16.Rad1 Nf6 17.Nxf6+ Bxf6 18.Rfe1 b5 19.Bc7 Qa6 20.Bb3 Ne7 21.Be5 Bxe5 22.Nxe5 Nd5
23.Nxf7 Rxf7 24.Rxd5  1-0

[Event "Lublin"]
[Site "Lublin"]
[Date "1977.??.??"]
[Round "13"]
[White "Castro Rojas, Oscar Humberto"]
[Black "Martinovic, Slobodan"]
[Result "0-1"]
[WhiteElo "2410"]
[BlackElo "2415"]

1.e4 c5 2.c3 Nf6 3.e5 Nd5 4.d4 Nc6 5.dxc5 e6 6.c4 Nde7 7.a3 Nxe5 8.b4 N7g6
9.Bb2 a5 10.Nd2 f5 11.h4 h5 12.Bc3 Be7 13.Be2 Bf6 14.Rc1 Nf4 15.Ndf3 Ng4
16.Bxf6 gxf6 17.Bf1 axb4 18.Qd2 Ng6 19.axb4 O-O 20.Ne2 Ra4 21.Ng3 b6 22.cxb6 Qxb6
23.Rb1 Qa7 24.Bd3 Ra2 25.Rb2 Rxb2 26.Qxb2 Nf4 27.Bf1 Bb7 28.Qd4 Ra8 29.Ne2 Qa1+
30.Qxa1 Rxa1+ 31.Kd2 Ra2+  0-1

[Event "Marshall CC"]
[Site "New York"]
[Date "1977.??.??"]
[Round "?"]
[White "Regan, Kenneth"]
[Black "Feuerstein, Arthur William"]
[Result "1-0"]
[WhiteElo "2375"]
[BlackElo "2365"]

1.e4 c5 2.c3 Nf6 3.e5 Nd5 4.d4 cxd4 5.cxd4 d6 6.Nf3 Nc6 7.Bc4 Nb6 8.Bb5 a6
9.Bxc6+ bxc6 10.Nc3 h6 11.Qc2 Be6 12.O-O g6 13.Nh4 dxe5 14.dxe5 Nc4 15.Nxg6 fxg6
16.Qxg6+ Kd7 17.Rd1+ Nd6 18.Ne4 Bd5 19.exd6 Kc8 20.Rxd5 cxd5 21.dxe7 Bxe7
22.Qc6+ Kb8 23.Bf4+ Ka7 24.Bc7  1-0

[Event "Piriapolis"]
[Site "Piriapolis"]
[Date "1977.??.??"]
[Round "5"]
[White "Bademian, Jose"]
[Black "Garcia, Horacio"]
[Result "0-1"]
[WhiteElo "2235"]
[BlackElo "2350"]

1.e4 c5 2.c3 Nf6 3.e5 Nd5 4.d4 cxd4 5.cxd4 d6 6.Nf3 Nc6 7.Bc4 Nb6 8.Bb5 d5
9.Nc3 Bg4 10.Be3 Rc8 11.O-O e6 12.Rc1 a6 13.Bd3 Be7 14.h3 Bh5 15.Ne2 Nb4
16.Rxc8 Qxc8 17.Bb1 Bg6 18.Nc3 Nc4 19.Qe2 Bxb1 20.Rxb1 O-O 21.Bg5 Bxg5 22.Nxg5 Qd8
23.Nf3 Qa5 24.a3 Nc6 25.Qd3 h6 26.Ne2 Ne7 27.Nf4 Rc8 28.Nh5 Qa4 29.Qe2 Nb6
30.Nf4 Nf5 31.Qd3 Qc2 32.g4 Ne7 33.Ne1 Qxd3 34.Nexd3 Rc4 35.Ne2 Nc6 36.b3 Rc2
37.Rb2 Rxb2 38.Nxb2 Na5 39.Nc1 Kf8 40.f4 Ke7 41.Kf2 f6 42.Nbd3 Nd7 43.Ke3 Nc6
44.h4 g6 45.b4 b5 46.Ne2 Nb6 47.Nb2 f5 48.gxf5 gxf5 49.Kd3 Kf7 50.h5 Na8
51.Kc3 Ke7 52.Nd3 Nc7 53.Nc5 Na7 54.Ng1 Nc8 55.Kb3 Na7 56.Nf3 Nc8 57.Nh4 Nb6
58.Ng6+ Kf7 59.Nb7 Nc4 60.Nd6+ Kg7 61.Ne7 Ne3 62.a4 Kf8 63.axb5 axb5 64.Ng6+ Kg7
65.Nh4 Kf8 66.Kc3 Nf1 67.Nhxf5 exf5 68.Nxf5 Ne6 69.Nxh6 Nxf4 70.Nf5 Nxh5
71.Nd6 Nf4 72.Nxb5 Ke7 73.Nc7 Ne3 74.b5 Nf5 75.Kb4 Kd7 76.Nxd5 Nxd5+ 77.Kc5 Nfe7
78.b6 Kc8 79.Kd6 Kb7 80.Kc5 Ka6 81.b7 Kxb7 82.Kb5 Kb8 83.Kc5 Ka7 84.Kb5 Kb7
85.Kc5 Kc7 86.Kb5 Kd7 87.Kc5 Ke6 88.Kc4 Kd7 89.Kc5 Kc7 90.Kb5 Nc3+ 91.Kc4 Ned5
92.Kc5 Kd7 93.Kc4 Kc6 94.Kd3 Kb5 95.Kd2 Kc4 96.Ke1 Ne4 97.Ke2 Ng5 98.Kd2 Ne6
99.Kc2 Kxd4 100.Kb3 Kd3 101.Kb2 Ne3 102.Kb3 Nc2 103.Kb2 Ncd4 104.Ka3 Kc3
105.Ka4 Kc4 106.Ka3 Nc2+ 107.Kb2 Ne3 108.Ka3 Nd1 109.Ka4 Nb2+ 110.Ka5 Kc5
111.Ka6 Nc4 112.Kb7 Kb5 113.Kc8 Kc6 114.Kb8 Na5 115.Ka7 Kb5 116.Kb8 Nb3 117.Ka7 Nbc5  0-1

[Event "Rubinstein mem"]
[Site "Polanica Zdroj"]
[Date "1977.??.??"]
[Round "11"]
[White "Mascarinas, Rico"]
[Black "Diesen, Mark C"]
[Result "1/2-1/2"]
[WhiteElo "2345"]
[BlackElo "2360"]

1.e4 c5 2.c3 Nf6 3.e5 Nd5 4.d4 cxd4 5.Nf3 Nc6 6.cxd4 d6 7.Bc4 Nb6 8.Bb5 dxe5
9.Nxe5 Bd7 10.Bxc6 Bxc6 11.Nxc6 bxc6 12.O-O e6  1/2-1/2

[Event "Rimavska Sobota"]
[Site "Rimavska Sobota"]
[Date "1977.??.??"]
[Round "7"]
[White "Novak, Ivan"]
[Black "Liebert, Heinz"]
[Result "1/2-1/2"]
[WhiteElo "2345"]
[BlackElo "2435"]

1.e4 c5 2.c3 Nf6 3.e5 Nd5 4.d4 cxd4 5.Nf3 Nc6 6.cxd4 d6 7.Bc4 dxe5 8.Bxd5 Qxd5
9.Nc3 Qd6 10.d5 Nd8 11.O-O f6 12.Be3 Qa6 13.Qb3 Bd7 14.a4 e6 15.Nb5 Bxb5
16.axb5 Qd6 17.dxe6 Qxe6 18.Qa4 Kf7 19.Rac1 Bd6 20.Bc5 Bxc5 21.Rxc5 Qd6 22.Rc3 Ne6
23.h4 Rhd8 24.Qe4 Kg8 25.Qxb7 Rab8 26.Qxa7 Rxb5 27.Qa2 Kh8 28.Ra3 e4 29.Nh2 Nf4
30.Ra8 Rbb8 31.Rxb8 Rxb8 32.Qc4 f5 33.Ra1 h5 34.g3 Nd3 35.Qf7 Qf6 36.Qxh5+ Kg8
37.Ra7 Nxf2 38.g4 Nh3+ 39.Kh1 f4 40.Qd5+ Kh8 41.Qh5+ Kg8 42.Qd5+ Kh8 43.Qh5+  1/2-1/2

[Event "Rimavska Sobota"]
[Site "Rimavska Sobota"]
[Date "1977.??.??"]
[Round "9"]
[White "Cibulka, Vladimir"]
[Black "Banas, Jan"]
[Result "1/2-1/2"]
[WhiteElo "2325"]
[BlackElo "2355"]

1.e4 c5 2.c3 Nf6 3.e5 Nd5 4.d4 cxd4 5.Qxd4 Nb6 6.Nf3 Nc6 7.Qh4 Qc7 8.Qg3 e6
9.b3 d6 10.exd6 Qxd6 11.Bf4 Qc5 12.b4 Qf5 13.b5 Ne7 14.Nbd2 Ned5 15.Bd6 Bxd6
16.Qxd6 Nxc3 17.Rc1 Ncd5 18.g3 Qf6 19.Be2 Qe7 20.Ne4 Qxd6 21.Nxd6+ Ke7 22.Ne4 Bd7
23.Nc5 Rac8 24.Kd2 Rc7 25.Nxd7 Nxd7 26.Rxc7 Nxc7 27.Rc1 Nd5 28.a4 h6 29.a5 Kd6
30.a6 Nc5 31.Rb1 Rb8 32.axb7 Rxb7 33.Bf1 Ne4+ 34.Ke1 Nec3 35.Ra1 Kc5 36.Rc1 Kd6
37.Nd4 g6 38.f4 f6 39.Bg2 e5 40.Nc6 Rc7 41.fxe5+ fxe5 42.Bxd5 Nxd5 43.Ra1 Kc5
44.Nxa7 Rd7 45.Ke2 e4 46.h4 Nc3+ 47.Ke1 e3 48.Rc1 Kc4 49.b6 e2 50.Rxc3+ Kxc3
51.Kxe2 Kd4 52.Nb5+ Kc5 53.Nc3 Kxb6 54.Ke3 Kc6 55.Ne4 Rf7 56.Kd4 Kd7 57.Ke5 Rf5+
58.Kd4 Ke6 59.Ke3 Rf7 60.Nf2 Ra7 61.Kf4 Ra4+ 62.Kf3 Kf5 63.g4+ Ke6 64.Nd3 g5
65.hxg5 hxg5 66.Nf2 Ra3+ 67.Kg2 Re3 68.Nh3 Re5 69.Kf3 Kd6 70.Kf2 Kd5 71.Kf3 Kd4
72.Kg2 Rb5 73.Kf3  1/2-1/2